Class, state, and popular organizations in Mozambique and Nicaragua /
sin resumen
Zapisane w:
| 1. autor: | |
|---|---|
| Kolejni autorzy: | |
| Format: | Texto |
| Hasła przedmiotowe: | |
| Etykiety: |
Dodaj etykietę
Nie ma etykietki, Dołącz pierwszą etykiete!
|
MARC
| LEADER | 00000 a a2200000 04500 | ||
|---|---|---|---|
| 001 | 9184 | ||
| 003 | |||
| 040 | |||
| 100 | |a Cochran, Augustus B. | ||
| 245 | |a Class, state, and popular organizations in Mozambique and Nicaragua / |c Augustus B. Cochran | ||
| 520 | |a sin resumen | ||
| 650 | |a ESTADO | ||
| 650 | |a ORGANIZACIONES POPULARES | ||
| 700 | |a Scott, Catherine V. | ||
| 773 | |g volumen 19, número 2; páginas 105-124 | ||
| 999 | |c 23870 |d 23870 | ||
| 773 | 0 | |0 43209 |9 4940 |d California: Sage Publications, 1974- |o MFN: 2374 |t Latin American Perspectives a Journal on Capitalism and Socialism |x 0094582X | |
